000 00837nam a2200253 a 4500
001 BRCA_26
005 20190320202841.0
008 011012s2002 caua---##b---#001-0#eng-#
020 _a8434466066
040 _aDLC
_cDLC
_dDLC
050 4 _aAM121
_b.A75 1998
245 1 0 _aManual de gestión de museos
_ceditado por Barry Lord, Gail Dexter Lord ; traducción Josep Ballart.
260 _aEspaña
_bAriel
_c1998
300 _a255 p.
_bil.
_c26 cm.
440 0 _aAriel patrimonio histórico
_9121
500 _aIncluye glosario
500 _aTraducción de: The Manual of Museum Management
650 1 4 _aMuseos
_vManuales
_xAdministración
_zAmérica Latina
_9122
650 1 4 _aMuseografía
_vManuales
_9123
700 1 _aLord, Barry
_d1939-
_9124
700 1 _aLord, Gail Dexter
_d1946-
_9125
700 1 _aBallart, Josep
_9126
942 _2lcc
_cB
999 _c26
_d26